Online
Catalog

Canción de Rachel / (Record no. 8580)

MARC details
000 -CABECERA
campo de control de longitud fija 00533cam a2200193 a 4500
001 - NÚMERO DE CONTROL
campo de control 000008811
005 - FECHA Y HORA DE LA ÚLTIMA TRANSACCIÓN
campo de control 20200929161418.0
008 - DATOS DE LONGITUD FIJA--INFORMACIÓN GENERAL
campo de control de longitud fija 980806s1996 mx 001 1 spa
020 ## - NÚMERO INTERNACIONAL ESTÁNDAR DEL LIBRO
Número Internacional Estándar del Libro 9681902815
040 ## - FUENTE DE LA CATALOGACIÓN
Centro catalogador/agencia de origen DO-SdBNP
Lengua de catalogación spa
Centro/agencia transcriptor BNPHU
082 ## - NÚMERO DE LA CLASIFICACIÓN DECIMAL DEWEY
Número de clasificación Cu863.44
Número de documento/Ítem B261c
100 1# - ENTRADA PRINCIPAL--NOMBRE DE PERSONA
Nombre de persona Barnet, Miguel,
Fechas asociadas al nombre 1940-
9 (RLIN) 14781
245 10 - MENCIÓN DE TÍTULO
Título Canción de Rachel /
Mención de responsabilidad, etc. Miguel Barnet.
260 ## - PUBLICACIÓN, DISTRIBUCIÓN, ETC.
Lugar de publicación, distribución, etc. México :
Nombre del editor, distribuidor, etc. Alfaguara,
Fecha de publicación, distribución, etc. 1996.
300 ## - DESCRIPCIÓN FÍSICA
Extensión 142 p. ;
Dimensiones 22 cm.
490 0# - MENCIÓN DE SERIE
Mención de serie Giraldilla
650 #4 - PUNTO DE ACCESO ADICIONAL DE MATERIA--TÉRMINO DE MATERIA
Término de materia o nombre geográfico como elemento de entrada Novela cubana
9 (RLIN) 2316
650 #4 - PUNTO DE ACCESO ADICIONAL DE MATERIA--TÉRMINO DE MATERIA
Término de materia o nombre geográfico como elemento de entrada Literatura cubana
9 (RLIN) 1483
Holdings
Estado de retiro Estado de pérdida Restricciones de uso No para préstamo Código de colección Localización permanente Ubicación/localización actual Ubicación en estantería Fecha de adquisición Número de inventario Total de préstamos Signatura topográfica completa Código de barras Fecha visto por última vez Precio válido a partir de Tipo de ítem Koha
      Excluido de préstamo Monografías: Libros y Folletos General General Depósito 18.09.2009 LF1   Cu863.44 B261c 8811-10 25.06.2020 25.06.2020 No se presta
        Monografías: Libros y Folletos Patrimonio Dominicano Patrimonio Dominicano Orden iniciada 25.05.2017 LF1   Cu863.44 B261c 8811-20 25.06.2020 25.06.2020 No se presta

Powered by Koha